| 000 | 00408nam a22001697a 4500 | ||
|---|---|---|---|
| 005 | 20180707111032.0 | ||
| 008 | 160512b xxu||||| |||| 00| 0 eng d | ||
| 020 | _a81-261-1315-4 | ||
| 041 | _aeng | ||
| 082 |
_b1620 _a658.15 |
||
| 100 |
_aBhalla - G.K. _9502 |
||
| 245 | _aManagement of Financial Services | ||
| 260 |
_aNew Delhi _bAnmaol Pul. |
||
| 300 | _a596p, | ||
| 650 |
_aManagement _9241 |
||
| 942 | _cBK | ||
| 999 |
_c639 _d639 |
||